CompTIA Network+ 5 - Statistics

General Stats
  • This quiz has been taken 2 times
  • The average score is 7 of 22
Answer Stats
Hint Answer % Correct
FTP File Transfer Protocol
100%
Gbps Gigabits per second
100%
Hz Hertz
100%
HTTP Hypertext Transfer Protocol
100%
HTTPS Hypertext Transfer Protocol Secure
100%
FQDN Fully Qualified Domain Name
50%
HDMI High-Definition Multimedia Interface
50%
HIDS Host Intrusion Detection System
50%
HIPS Host Intrusion Prevention System
50%
FTPS File Transfer Protocol Security
0%
FM Frequency Modulation
0%
GLBP Gateway Load Balancing Protocol
0%
GRE Generic Routing Encapsulation
0%
GBIC Gigabit Interface Converter
0%
GSM Global System for Mobile Communications
0%
GPG GNU Privacy Guard
0%
HVAC Heating, Ventilation and Air Conditioning
0%
HA High Availability
0%
HDLC High-Level Data Link Control
0%
HSPA High-Speed Packet Access
0%
HT High Throughput
0%
HSRP Hot Standby Router Protocol
0%
No matching quizzes found
Score Distribution
Percent of People with Each Score
Percentile by Number Answered
Your Score History
You have not taken this quiz